[Event "RUS-ch Silent"]
[Site "Zelenograd"]
[Date "2022.04.14"]
[Round "7"]
[White "Chirkov, Evgeny"]
[Black "Talyzin, Dmitry"]
[Result "1/2-1/2"]
[WhiteElo "1499"]
[BlackElo "1766"]
[PlyCount "67"]
[EventDate "2022.04.09"]
[EventType "swiss"]
[EventRounds "11"]
[EventCountry "RUS"]
[SourceTitle "EXT 2023"]
[Source "ChessBase"]
[SourceDate "2022.10.05"]
[SourceVersion "1"]
[SourceVersionDate "2022.10.05"]
[SourceQuality "1"]

1. e4 c5 2. Nf3 d6 3. d4 cxd4 4. Nxd4 Nf6 5. Nc3 a6 6. g3 e5 7. Nb3 Be7 8. Bg2 0-0 9. 0-0 Nc6 10. h3 Be6 11. Nd5 Bxd5 12. exd5 Nb8 13. Be3 Nbd7 14. Rc1 Ne8 15. c4 Rc8 16. Nd2 f5 17. f4 e4 18. Rf2 Qa5 19. a3 Bf6 20. Nb3 Qd8 21. Bd4 g6 22. Bxf6 Qxf6 23. Nd4 Ng7 24. b4 b6 25. Nc6 Nb8 26. b5 a5 27. a4 Nd7 28. Qd4 Qxd4 29. Nxd4 Nc5 30. Ra2 Nh5 31. Rc3 Rfe8 32. Re3 Kf7 33. h4 Nf6 34. Bh3 1/2-1/2

[Event "RUS-ch Silent"]
[Site "Zelenograd"]
[Date "2022.04.13"]
[Round "6"]
[White "Rukavishnikov, Maxim"]
[Black "Talyzin, Dmitry"]
[Result "1-0"]
[WhiteElo "1807"]
[BlackElo "1766"]
[PlyCount "97"]
[EventDate "2022.04.09"]
[EventType "swiss"]
[EventRounds "11"]
[EventCountry "RUS"]
[SourceTitle "EXT 2023"]
[Source "ChessBase"]
[SourceDate "2022.10.05"]
[SourceVersion "1"]
[SourceVersionDate "2022.10.05"]
[SourceQuality "1"]

1. e4 c5 2. c3 d5 3. exd5 Qxd5 4. d4 Nf6 5. Nf3 Bg4 6. Be2 e6 7. Na3 a6 8. Nc2 Qd8 9. Be3 Nbd7 10. 0-0 Be7 11. dxc5 Bxc5 12. h3 Bh5 13. Ncd4 0-0 14. Qb3 Qc7 15. Rfe1 Rad8 16. Rad1 Rfe8 17. Ng5 Bg6 18. Bc4 Nf8 19. Ngf3 Bh5 20. Be2 h6 21. Qc2 N8d7 22. Nh2 Bg6 23. Bd3 Bxd3 24. Qxd3 Nb6 25. Qe2 Nbd5 26. Bc1 Nf4 27. Qf3 Ng6 28. Nb3 Bd6 29. Ng4 Nd5 30. Nd4 Nh4 31. Qe2 Ng6 32. g3 h5 33. Ne3 h4 34. gxh4 Ndf4 35. Qg4 f5 36. Nexf5 exf5 37. Rxe8+ Rxe8 38. Nxf5 Ne2+ 39. Kf1 Ne5 40. Qxe2 Bc5 41. Be3 Qc6 42. Ng3 Nf3 43. Qc4+ Kh8 44. Qxc5 Nh2+ 45. Kg1 Nf3+ 46. Kg2 Nxh4+ 47. Kf1 Qg2+ 48. Ke1 Qg1+ 49. Ke2 1-0

[Event "RUS-ch Silent"]
[Site "Zelenograd"]
[Date "2020.10.03"]
[Round "1"]
[White "Talyzin, Dmitry"]
[Black "Onischenko, Andrey"]
[Result "1-0"]
[WhiteElo "1791"]
[BlackElo "2036"]
[PlyCount "79"]
[EventDate "2020.10.03"]
[EventType "swiss"]
[EventRounds "11"]
[EventCountry "RUS"]
[SourceTitle "EXT 2022"]
[Source "ChessBase"]
[SourceDate "2021.10.06"]
[SourceVersion "1"]
[SourceVersionDate "2021.10.06"]
[SourceQuality "1"]

1. e4 c6 2. d4 d5 3. Nd2 dxe4 4. Nxe4 Nf6 5. Nxf6+ gxf6 6. c3 Bf5 7. Nf3 e6 8. g3 Nd7 9. Bg2 Qc7 10. 0-0 0-0-0 11. Nh4 Bg6 12. b4 Bd6 13. a4 f5 14. b5 c5 15. a5 e5 16. b6 axb6 17. a6 bxa6 18. Rxa6 e4 19. Ra8+ Kb7 20. Rxd8 Rxd8 21. f3 e3 22. f4+ Kc8 23. Bxe3 Re8 24. Bf2 Nf6 25. Qa4 Kd8 26. dxc5 Bxc5 27. Rd1+ Ke7 28. Bd4 Kf8 29. Kh1 Ne4 30. Bxe4 fxe4 31. Bg7+ Kxg7 32. Qxe8 e3 33. h3 Bc2 34. Rd7 Qc6+ 35. Kh2 Qf6 36. Rd8 Kh6 37. Nf3 Ba4 38. Qg8 e2 39. Rd5 Bc6 40. Rh5+ 1-0

[Event "RUS-ch Silent"]
[Site "Zelenograd"]
[Date "2019.04.12"]
[Round "10"]
[White "Kozlov, Valery"]
[Black "Talyzin, Dmitry"]
[Result "1-0"]
[WhiteElo "1880"]
[BlackElo "1967"]
[PlyCount "59"]
[EventDate "2019.04.03"]
[EventType "swiss"]
[EventRounds "11"]
[EventCountry "RUS"]
[SourceTitle "CBM 190 Extra"]
[Source "ChessBase"]
[SourceDate "2019.07.15"]
[SourceVersion "1"]
[SourceVersionDate "2019.07.15"]
[SourceQuality "1"]

1. d4 f5 2. Nf3 Nf6 3. Bf4 g6 4. e3 Bg7 5. c4 d6 6. Nc3 0-0 7. Bd3 c5 8. 0-0 Nc6 9. h3 cxd4 10. exd4 Re8 11. Re1 Bd7 12. d5 Nb4 13. Be2 a5 14. a3 Na6 15. Nd4 Rc8 16. Rc1 Nc5 17. b3 Nfe4 18. Nxe4 Nxe4 19. Bf3 Nc5 20. b4 axb4 21. axb4 Na4 22. Ne6 Bxe6 23. Rxe6 Nb6 24. c5 dxc5 25. bxc5 Nd7 26. c6 bxc6 27. Rexc6 Rxc6 28. dxc6 Nf6 29. c7 Qxd1+ 30. Rxd1 1-0

[Event "RUS-ch Silent"]
[Site "Zelenograd"]
[Date "2019.04.03"]
[Round "1"]
[White "Talyzin, Dmitry"]
[Black "Lebedev, Sergey Y"]
[Result "0-1"]
[WhiteElo "1967"]
[BlackElo "1711"]
[PlyCount "100"]
[EventDate "2019.04.03"]
[EventType "swiss"]
[EventRounds "11"]
[EventCountry "RUS"]
[SourceTitle "CBM 190 Extra"]
[Source "ChessBase"]
[SourceDate "2019.07.15"]
[SourceVersion "1"]
[SourceVersionDate "2019.07.15"]
[SourceQuality "1"]

1. e4 d5 2. exd5 Qxd5 3. Nc3 Qa5 4. d4 Nf6 5. Nf3 Bg4 6. Bc4 Nc6 7. d5 Ne5 8. Be2 Nxf3+ 9. Bxf3 Bxf3 10. Qxf3 0-0-0 11. Bd2 Qb6 12. 0-0-0 e5 13. dxe6 Qxe6 14. Rhe1 Qc4 15. Qf5+ Kb8 16. Bg5 Rxd1+ 17. Rxd1 Be7 18. Re1 Qb4 19. Qe5 Bd6 20. Qf5 Qg4 21. Qa5 Bf4+ 22. Bxf4 Qxf4+ 23. Kb1 Qxf2 24. Nb5 Qb6 25. Qxb6 cxb6 26. Nd6 Rd8 27. Nc4 Rd4 28. b3 Re4 29. Rd1 Kc7 30. Rd2 Re1+ 31. Kb2 Ne4 32. Rd4 f6 33. Nd2 Nd6 34. Nf3 Re2 35. Rd2 Rxd2 36. Nxd2 Nf5 37. Kc3 Ne3 38. g3 Kc6 39. Kd3 Nd5 40. a3 Ne7 41. Kd4 Nf5+ 42. Ke4 Nd6+ 43. Kd4 Nb5+ 44. Kc4 Nxa3+ 45. Kc3 Nb5+ 46. Kc4 a5 47. Nf3 Na3+ 48. Kc3 Kd5 49. Kb2 Ke4 50. Nd2+ Ke3 0-1

[Event "RUS-ch Silent"]
[Site "Zelenograd"]
[Date "2018.11.03"]
[Round "11"]
[White "Sokolov, Yury A"]
[Black "Talyzin, Dmitry"]
[Result "1/2-1/2"]
[WhiteElo "1796"]
[BlackElo "2076"]
[PlyCount "81"]
[EventDate "2018.10.25"]
[EventType "swiss"]
[EventRounds "11"]
[EventCountry "RUS"]
[SourceTitle "EXT 2020"]
[Source "ChessBase"]
[SourceDate "2019.10.17"]
[SourceVersion "1"]
[SourceVersionDate "2019.10.17"]
[SourceQuality "1"]

1. e4 c5 2. Nc3 d6 3. Nf3 Nf6 4. d4 cxd4 5. Nxd4 a6 6. Bc4 e6 7. a3 Be7 8. 0-0 b5 9. Ba2 Bb7 10. f3 Nbd7 11. Be3 0-0 12. Kh1 Qc7 13. Nde2 Rfd8 14. Ng3 Nb6 15. Qe2 Rac8 16. Rac1 d5 17. exd5 Nfxd5 18. Nxd5 Bxd5 19. Bxd5 Nxd5 20. Bd2 Bf6 21. c3 Be5 22. Qf2 Nb6 23. f4 Bf6 24. Rcd1 Be7 25. Bc1 Na4 26. Qf3 Nc5 27. f5 e5 28. Ne4 Nxe4 29. Qxe4 Bf6 30. g4 h6 31. Kg2 Rd6 32. Qe2 Rcd8 33. Rxd6 Qxd6 34. Qe4 Kf8 35. Qb4 Qxb4 36. axb4 Ke7 37. Kf3 Rd5 38. Ke4 Kd6 39. Rf2 Rd1 40. Rd2+ Rxd2 41. Bxd2 1/2-1/2

[Event "RUS-ch Silent"]
[Site "Zelenograd"]
[Date "2018.10.30"]
[Round "7"]
[White "Talyzin, Dmitry"]
[Black "Rukavishnikov, Maxim"]
[Result "0-1"]
[WhiteElo "2076"]
[BlackElo "1836"]
[PlyCount "102"]
[EventDate "2018.10.25"]
[EventType "swiss"]
[EventRounds "11"]
[EventCountry "RUS"]
[SourceTitle "EXT 2020"]
[Source "ChessBase"]
[SourceDate "2019.10.17"]
[SourceVersion "1"]
[SourceVersionDate "2019.10.17"]
[SourceQuality "1"]

1. e4 e5 2. Nf3 Nc6 3. Bb5 a6 4. Ba4 Nf6 5. 0-0 b5 6. Bb3 Be7 7. Re1 d6 8. c3 Na5 9. Bc2 c5 10. h3 Nc4 11. d4 cxd4 12. cxd4 Nd7 13. b3 Ncb6 14. Bb2 Bf6 15. dxe5 Nxe5 16. Nxe5 Bxe5 17. Bxe5 dxe5 18. Qxd8+ Kxd8 19. Nd2 Be6 20. Nf3 f6 21. Red1+ Ke7 22. Rd2 Rhd8 23. Rad1 Rxd2 24. Rxd2 Rc8 25. Kf1 Rc6 26. Ke2 Rd6 27. Ne1 Rxd2+ 28. Kxd2 Kd6 29. Bd3 Kc5 30. Kc3 b4+ 31. Kd2 a5 32. Ke3 a4 33. Bc2 axb3 34. Bxb3 Bc4 35. g3 Nc8 36. f4 exf4+ 37. gxf4 Ne7 38. Nd3+ Bxd3 39. Kxd3 h6 40. e5 f5 41. Be6 g6 42. h4 Nc6 43. Bf7 g5 44. hxg5 hxg5 45. e6 g4 46. Ke3 Ne7 47. Kf2 Kd6 48. Kg2 Nd5 49. Kg3 Ke7 50. Kh4 Nxf4 51. Kg5 g3 0-1

[Event "RUS-ch Silent"]
[Site "Zelenograd"]
[Date "2018.10.25"]
[Round "1"]
[White "Solovey, Vjacheslav"]
[Black "Talyzin, Dmitry"]
[Result "1-0"]
[WhiteElo "1683"]
[BlackElo "2076"]
[PlyCount "41"]
[EventDate "2018.10.25"]
[EventType "swiss"]
[EventRounds "11"]
[EventCountry "RUS"]
[SourceTitle "EXT 2020"]
[Source "ChessBase"]
[SourceDate "2019.10.17"]
[SourceVersion "1"]
[SourceVersionDate "2019.10.17"]
[SourceQuality "1"]

1. d4 Nf6 2. Nf3 g6 3. g3 Bg7 4. Bg2 0-0 5. 0-0 d6 6. Nc3 a5 7. h3 Na6 8. Re1 e5 9. dxe5 dxe5 10. Nxe5 Qxd1 11. Rxd1 Nb4 12. Rd2 Bh6 13. e3 c6 14. a3 Nbd5 15. Nxd5 Nxd5 16. Bxd5 cxd5 17. Rxd5 Be6 18. Rd1 Rad8 19. Bd2 Bxh3 20. Bxa5 Bg7 21. Bxd8 1-0

[Event "RUS-ch Silent"]
[Site "Zelenograd"]
[Date "2012.10.25"]
[Round "8"]
[White "Shajakhmetov, Ildar"]
[Black "Talyzin, Dmitry"]
[Result "1/2-1/2"]
[WhiteElo "1810"]
[BlackElo "2131"]
[PlyCount "74"]
[EventDate "2012.10.18"]
[EventType "swiss"]
[EventRounds "9"]
[EventCountry "RUS"]
[SourceTitle "EXT 2022"]
[Source "ChessBase"]
[SourceDate "2021.10.06"]
[SourceVersion "1"]
[SourceVersionDate "2021.10.06"]
[SourceQuality "1"]

1. Nf3 d5 2. d4 Bg4 3. Ne5 Bf5 4. c4 c6 5. Nc3 Nf6 6. Qb3 Qb6 7. Qxb6 axb6 8. cxd5 cxd5 9. e3 e6 10. Bb5+ Nbd7 11. a3 Bd6 12. 0-0 Ke7 13. Nxd7 Nxd7 14. f3 Nf6 15. g4 Bg6 16. g5 Nd7 17. e4 dxe4 18. fxe4 f6 19. Bxd7 Kxd7 20. gxf6 gxf6 21. Rxf6 Be7 22. Rf2 Bh4 23. Rg2 Rhf8 24. Bh6 Rf7 25. Rf1 Ke7 26. Bg5+ Bxg5 27. Rxf7+ Kxf7 28. Rxg5 Rd8 29. d5 Kf6 30. Rg3 exd5 31. exd5 Ke5 32. Kf2 Kd6 33. Re3 Re8 34. Rxe8 Bxe8 35. Ne4+ Ke5 36. Ke3 Bd7 37. Nc3 Be8 1/2-1/2

[Event "RUS-ch Silent"]
[Site "Zelenograd"]
[Date "2012.10.24"]
[Round "7"]
[White "Talyzin, Dmitry"]
[Black "Muratov, Lir"]
[Result "0-1"]
[WhiteElo "2131"]
[BlackElo "2117"]
[PlyCount "46"]
[EventDate "2012.10.18"]
[EventType "swiss"]
[EventRounds "9"]
[EventCountry "RUS"]
[SourceTitle "EXT 2022"]
[Source "ChessBase"]
[SourceDate "2021.10.06"]
[SourceVersion "1"]
[SourceVersionDate "2021.10.06"]
[SourceQuality "1"]

1. e4 c5 2. Nf3 e6 3. d4 cxd4 4. Nxd4 a6 5. c4 Nc6 6. Be3 Bb4+ 7. Nc3 Nf6 8. Bd3 Bxc3+ 9. bxc3 Ne5 10. f4 Nxd3+ 11. Qxd3 d6 12. 0-0 Qc7 13. c5 dxc5 14. Nb3 b6 15. Qe2 Nxe4 16. Qg4 0-0 17. Qe2 Nxc3 18. Qc2 Nd5 19. Bd2 Bb7 20. f5 exf5 21. Rxf5 Qc6 22. Rh5 Qg6 23. Rg5 Qxc2 0-1

[Event "RUS-ch Silent"]
[Site "Zelenograd"]
[Date "2010.08.16"]
[Round "8"]
[White "Varezhkin, Viktor"]
[Black "Talyzin, Dmitry"]
[Result "1-0"]
[WhiteElo "2179"]
[BlackElo "2173"]
[PlyCount "67"]
[EventDate "2010.08.11"]
[EventType "swiss"]
[EventRounds "9"]
[EventCountry "RUS"]
[SourceTitle "EXT 2023"]
[Source "ChessBase"]
[SourceDate "2022.10.05"]
[SourceVersion "1"]
[SourceVersionDate "2022.10.05"]
[SourceQuality "1"]

1. Nf3 d5 2. c4 d4 3. g3 Nc6 4. Bg2 e5 5. 0-0 Nf6 6. e3 Be7 7. exd4 exd4 8. d3 0-0 9. Bg5 h6 10. Bxf6 Bxf6 11. Nbd2 Bf5 12. Ne1 Qc8 13. Ne4 Bxe4 14. Bxe4 a5 15. Qh5 Ne5 16. h3 c6 17. f4 Nd7 18. Nf3 Qd8 19. Rae1 a4 20. Nd2 Qa5 21. Qxa5 Rxa5 22. Re2 Raa8 23. Rfe1 Nc5 24. Nf3 g6 25. Kg2 Kg7 26. h4 Na6 27. g4 Bd8 28. f5 gxf5 29. Bxf5 Bf6 30. g5 hxg5 31. hxg5 Bd8 32. Rh1 Bb6 33. Rh7+ Kg8 34. Re1 1-0

[Event "RUS-ch Silent"]
[Site "Zelenograd"]
[Date "2010.08.14"]
[Round "6"]
[White "Lukina, Tatiana"]
[Black "Talyzin, Dmitry"]
[Result "1/2-1/2"]
[WhiteElo "1724"]
[BlackElo "2173"]
[PlyCount "84"]
[EventDate "2010.08.11"]
[EventType "swiss"]
[EventRounds "9"]
[EventCountry "RUS"]
[SourceTitle "EXT 2023"]
[Source "ChessBase"]
[SourceDate "2022.10.05"]
[SourceVersion "1"]
[SourceVersionDate "2022.10.05"]
[SourceQuality "1"]

1. e4 c5 2. Nf3 Nc6 3. d4 cxd4 4. Nxd4 Nf6 5. Nc3 e5 6. Nf3 Bb4 7. Bd3 d5 8. 0-0 d4 9. Ne2 0-0 10. h3 h6 11. Ng3 Bd6 12. a3 Be6 13. Qe2 Nd7 14. b4 Ne7 15. Nh4 Rc8 16. Qh5 Nf6 17. Qd1 g5 18. Nf3 Ng6 19. Ne2 Kg7 20. Nh2 Nh4 21. Ng3 Qd7 22. Ng4 Nxg4 23. hxg4 Bxg4 24. Be2 Bxe2 25. Qxe2 Be7 26. Bb2 Qc6 27. Rac1 Qc4 28. Qd3 Rc7 29. Nh5+ Kh7 30. g3 Ng6 31. Qf3 Qe6 32. Kg2 Rfc8 33. c3 g4 34. Qd3 Bg5 35. Rc2 Qb3 36. f4 gxf3+ 37. Rxf3 Qe6 38. Ba1 f6 39. Rf5 dxc3 40. Bxc3 Qb3 41. Nxf6+ Bxf6 42. Rxf6 Kg7 1/2-1/2

[Event "Moscow Silent Winter"]
[Site "Moscow"]
[Date "2006.12.08"]
[Round "6"]
[White "Tikhonov, Anatoly"]
[Black "Talyzin, Dmitry"]
[Result "0-1"]
[WhiteElo "2587"]
[BlackElo "2680"]
[PlyCount "70"]
[EventDate "2006.12.03"]
[EventType "tourn"]
[EventRounds "10"]
[EventCountry "RUS"]
[SourceTitle "EXT 2008"]
[Source "ChessBase"]
[SourceDate "2007.11.25"]
[SourceVersion "1"]
[SourceVersionDate "2007.11.25"]
[SourceQuality "1"]

1. e4 e5 2. Nf3 Nc6 3. Bb5 a6 4. Ba4 Nf6 5. 0-0 Be7 6. Re1 b5 7. Bb3 d6 8. c3 0-0 9. h3 Re8 10. d4 Bb7 11. Nbd2 Bf8 12. a4 h6 13. Bc2 exd4 14. cxd4 Nb4 15. Bb1 c5 16. d5 Nd7 17. Ra3 f5 18. Nh2 Nf6 19. Rf3 Re5 20. Rxf5 Rxf5 21. exf5 Bxd5 22. Ng4 Bf7 23. Ne4 Nxg4 24. Qxg4 d5 25. Nc3 h5 26. Qf3 bxa4 27. Nxa4 Bd6 28. b3 Rb8 29. Bb2 d4 30. Be4 h4 31. Ba3 Qe7 32. Bxb4 Rxb4 33. f6 Qxf6 34. Qxf6 gxf6 35. Bc2 Bxb3 0-1

[Event "Moscow Silent Winter"]
[Site "Moscow"]
[Date "2006.12.04"]
[Round "2"]
[White "Muratov, Lir"]
[Black "Talyzin, Dmitry"]
[Result "0-1"]
[WhiteElo "2329"]
[BlackElo "2468"]
[PlyCount "46"]
[EventDate "2006.12.03"]
[EventType "tourn"]
[EventRounds "10"]
[EventCountry "RUS"]
[SourceTitle "EXT 2008"]
[Source "ChessBase"]
[SourceDate "2007.11.25"]
[SourceVersion "1"]
[SourceVersionDate "2007.11.25"]
[SourceQuality "1"]

1. e4 c5 2. Nf3 g6 3. d4 cxd4 4. Nxd4 Bg7 5. Nc3 Nc6 6. Be3 Nf6 7. f3 0-0 8. Qd2 d5 9. exd5 Nxd5 10. Nxc6 bxc6 11. Bd4 Bxd4 12. Qxd4 Qa5 13. Qa4 Qb6 14. Nxd5 cxd5 15. 0-0-0 Rb8 16. Qd4 Qc7 17. a3 Bf5 18. Qf2 Qf4+ 19. Qd2 Rfc8 20. c4 Rxc4+ 21. Bxc4 Qxc4+ 22. Qc3 Qf4+ 23. Rd2 Rc8 0-1